=LDR 00000nam 2200000 4500 =001 INLIS000000000035321 =005 20210607103213 =035 ##$$a 0010-061300000035321 =008 210607###########################0#ind## =041 ##$$a ind =082 ##$$a 348.01 =090 ##$$a R.348.01, Eva e =245 ##$$a Evaluasi program legislasi nasional dalam rangka pembangunan hukum yang demokrasi, Editor, Ajorotni Nasution =260 ##$$a 2010 :$b Jakarta =300 ##$$a Xvi,224 Hlm, 21 Cm =650 #4$$a Rancangan Undang-Undang =700 #$$a Nasution, Ajarotni =850 ##$$a NBPNMAT